[Event "Ruhrgebiet Bezirksliga 17/18"]
[Site "Ruhrgebiet"]
[Date "2018.04.08"]
[Round "9.4"]
[White "Boriesosdiek, Knut"]
[Black "Irlaender, Walter"]
[Result "1/2-1/2"]
[WhiteElo "1756"]
[BlackElo "1886"]
[PlyCount "24"]
[EventDate "2017.09.03"]
[EventType "team-tourn"]
[EventRounds "9"]
[EventCountry "GER"]
[SourceTitle "EXT 2022"]
[Source "ChessBase"]
[SourceDate "2021.10.06"]
[SourceVersion "1"]
[SourceVersionDate "2021.10.06"]
[SourceQuality "1"]
[WhiteTeam "Hamm SG Caissa"]
[BlackTeam "Unna SV"]
[WhiteTeamCountry "GER"]
[BlackTeamCountry "GER"]

1. e4 e5 2. Nf3 Nc6 3. d4 exd4 4. Nxd4 Nf6 5. Nxc6 bxc6 6. Bd3 h6 7. 0-0 Bc5 8. e5 Nd5 9. Qg4 Kf8 10. Nc3 d6 11. Qa4 Nxc3 12. bxc3 Bd7 1/2-1/2

[Event "Ruhrgebiet Bezirksliga 17/18"]
[Site "Ruhrgebiet"]
[Date "2017.09.17"]
[Round "2.4"]
[White "Boriesosdiek, Knut"]
[Black "Finke, Wolfgang"]
[Result "1-0"]
[WhiteElo "1756"]
[BlackElo "1682"]
[PlyCount "65"]
[EventDate "2017.09.03"]
[EventType "team-tourn"]
[EventRounds "9"]
[EventCountry "GER"]
[SourceTitle "EXT 2022"]
[Source "ChessBase"]
[SourceDate "2021.10.06"]
[SourceVersion "1"]
[SourceVersionDate "2021.10.06"]
[SourceQuality "1"]
[WhiteTeam "Hamm SG Caissa"]
[BlackTeam "Kamen SV III"]
[WhiteTeamCountry "GER"]
[BlackTeamCountry "GER"]

1. e4 e6 2. d4 d5 3. exd5 exd5 4. Nf3 Nf6 5. Bd3 Bd6 6. 0-0 0-0 7. Bg5 h6 8. Bh4 Bg4 9. Nbd2 c6 10. c3 Qc7 11. Bg3 Nbd7 12. Qc2 Rfe8 13. Rae1 Nh5 14. c4 Nxg3 15. fxg3 Nf6 16. c5 Bf8 17. b4 Bd7 18. Ne5 a5 19. Rf4 Be6 20. b5 Be7 21. a4 Rf8 22. b6 Qd8 23. Nb3 Nd7 24. Ng6 Re8 25. Nh4 g5 26. Bh7+ Kh8 27. Rxe6 gxf4 28. Rxh6 Bxh4 29. Bg6+ Kg8 30. Bxf7+ Kxf7 31. Qg6+ Kf8 32. Rh8+ Ke7 33. Rh7+ 1-0

[Event "Ruhrgebiet Bezirksliga 16/17"]
[Site "Ruhrgebiet"]
[Date "2016.09.18"]
[Round "2.4"]
[White "Finke, Wolfgang"]
[Black "Boriesosdiek, Knut"]
[Result "0-1"]
[WhiteElo "1690"]
[BlackElo "1748"]
[PlyCount "98"]
[EventDate "2016.08.28"]
[EventType "team-tourn"]
[EventRounds "11"]
[EventCountry "GER"]
[SourceTitle "EXT 2022"]
[Source "ChessBase"]
[SourceDate "2021.10.06"]
[SourceVersion "1"]
[SourceVersionDate "2021.10.06"]
[SourceQuality "1"]
[WhiteTeam "Kamen SV III"]
[BlackTeam "Hamm SG Caissa"]
[WhiteTeamCountry "GER"]
[BlackTeamCountry "GER"]

1. Nc3 d5 2. e4 d4 3. Nce2 e5 4. Nf3 Bd6 5. Ng3 Nf6 6. c3 Bg4 7. Bc4 c5 8. Qa4+ Nc6 9. Nh4 0-0 10. h3 Bd7 11. Qc2 Nh5 12. Nhf5 Nxg3 13. Nxg3 Na5 14. Be2 c4 15. d3 b5 16. 0-0 Rc8 17. Bd2 Qb6 18. Rac1 Be6 19. Qb1 g6 20. Kh1 cxd3 21. Bxd3 Nc4 22. Bh6 Rfd8 23. Rc2 dxc3 24. Bxc4 Bxc4 25. Be3 Bc5 26. Bxc5 Rxc5 27. b4 Rc6 28. Rd1 Rxd1+ 29. Qxd1 Rd6 30. Qf3 Rd3 31. Qg4 Qd6 32. Nf5 Qxb4 33. Qg5 Qb1+ 34. Rc1 Rd1+ 35. Rxd1 Qxd1+ 36. Kh2 Qd7 37. Ne7+ Kg7 38. Nf5+ Kf8 39. Qh6+ Ke8 40. Ne3 Be6 41. Qxh7 Qd2 42. Qh8+ Kd7 43. Qxe5 a6 44. Qb8 Qd6+ 45. Qxd6+ Kxd6 46. a3 a5 47. Kg1 Bb3 48. Kf1 c2 49. Nxc2 Bxc2 0-1